駅名に「街道」を含む駅 - Statistics

General Stats
  • This quiz has been taken 129 times
  • The average score is 3 of 7
Answer Stats
Hint Answer % Correct
千葉県 四街道
71%
東京都 青梅街道
67%
東京都 甲州街道
54%
福岡県 朝倉街道
48%
京都府 鳥羽街道
46%
愛媛県 大街道
32%
東京都 桜街道
28%
No matching quizzes found
Score Distribution
Percent of People with Each Score
Percentile by Number Answered
Your Score History
You have not taken this quiz